| Tag |
First Indicator |
Second Indicator |
Subfields |
| LEADER |
00000cam a22000001a 4500 |
| 001 |
in00003143364 |
| 005 |
20190403171907.0 |
| 006 |
m o d |
| 007 |
cr un mmmapmmp |
| 008 |
080121s1940 dcu o f000 0 eng d |
| 035 |
|
|
|a cis2004209330
|
| 040 |
|
|
|a UMI
|c UMI
|d UtOrBLW
|
| 043 |
|
|
|a n-us---
|
| 099 |
|
|
|a ProQuest Serial Set Number 10501 H.doc.689
|
| 110 |
1 |
|
|a United States.
|b Congress.
|b House.
|b Committee on Immigration and Naturalization.
|
| 245 |
1 |
0 |
|a Prompt deportation of aliens engaging in espionage or sabotage, alien criminals, and other undesirable aliens. Message from the President of the United States returning without approval the bill (H. R. 6724) to provide for the prompt deportation of aliens engaging in espionage or sabotage, alien criminals, and other undesirable aliens.
|
| 246 |
1 |
|
|a Veto message on bill to provide for prompt deportation of aliens engaging in espionage or sabotage, etc
|
| 264 |
|
1 |
|a Washington :
|b [publisher not identified],
|c 1940.
|
| 300 |
|
|
|a 1 online resource.
|
| 336 |
|
|
|a text
|b txt
|2 rdacontent
|
| 337 |
|
|
|a computer
|b c
|2 rdamedia
|
| 338 |
|
|
|a online resource
|b cr
|2 rdacarrier
|
| 490 |
0 |
|
|a H.doc.689
|
| 500 |
|
|
|a Record is based on bibliographic data in ProQuest U.S. Serial Set Digital Collection (last viewed Jan. 2008). Reuse except for individual research requires license from ProQuest, LLC.
|
| 510 |
3 |
|
|a ProQuest U.S. Serial Set Digital Collection
|
| 500 |
|
|
|a Electronic resource.
|
| 650 |
|
0 |
|a Aliens.
|
| 650 |
|
0 |
|a Deportation.
|
| 650 |
|
0 |
|a Espionage.
|
| 655 |
|
7 |
|a Electronic books.
|2 local
|
| 710 |
2 |
|
|a ProQuest (Firm)
|
| 830 |
|
0 |
|a United States congressional serial set.
|
| 856 |
4 |
0 |
|u http://proxy.library.tamu.edu/login?url=http://congressional.proquest.com/congcomp/getdoc?SERIAL-SET-ID=10501+H.doc.689
|z Connect to the full text of this electronic book
|t 0
|
| 999 |
|
|
|a MARS
|
| 999 |
f |
f |
|s 32180acb-8e62-307e-b133-329b3d25be65
|i aeeba0e3-79c6-3ebb-88cd-1f198708cb19
|t 0
|
| 952 |
f |
f |
|a Texas A&M University
|b College Station
|c Electronic Resources
|d Available Online
|t 0
|e ProQuest Serial Set Number 10501 H.doc.689
|h Other scheme
|
| 998 |
f |
f |
|a ProQuest Serial Set Number 10501 H.doc.689
|t 0
|l Available Online
|